Leaf consumption and preference to Conyza sp., conventional and bt soybean by Helicoverpa armigera (Registro n. 9130)
[ somente texto ]
| 000 -LÍDER | |
|---|---|
| fixed length control field | 04438nab a2200337 i 4500 |
| 003 - CÓDIGO MARC DA AGÊNCIA CATALOGADORA | |
| Campo de controle | BR-BrBNA |
| 005 - DATA E HORA DA ÚLTIMA ATUALIZAÇÃO | |
| Campo de controle | 20230915090054.0 |
| 008 - CAMPO DE TAMANHO FIXO | |
| fixed length control field | 230516b2019 bl.ar|pooa||| 00| 0 eng | |
| 040 ## - FONTE DA CATALOGAÇÃO | |
| Agência catalogadora | BR-BrBNA |
| Idioma da catalogação | eng |
| 072 ## - CATEGORIA AGRIS | |
| Código AGRIS | H10 |
| Código do objeto | 0336 |
| 072 ## - CATEGORIA AGRIS | |
| Código AGRIS | H60 |
| 100 ## - ENTRADA PRINCIPAL - NOME PESSOAL | |
| Nome pessoal | Cutti, L. |
| 100 ## - ENTRADA PRINCIPAL - NOME PESSOAL | |
| Nome pessoal | Muraro, D.S. |
| 100 ## - ENTRADA PRINCIPAL - NOME PESSOAL | |
| Nome pessoal | Silva, V.A. |
| 100 ## - ENTRADA PRINCIPAL - NOME PESSOAL | |
| Nome pessoal | Kaspary, T.E. |
| 100 ## - ENTRADA PRINCIPAL - NOME PESSOAL | |
| Nome pessoal | Basso, C.J. |
| 100 ## - ENTRADA PRINCIPAL - NOME PESSOAL | |
| Nome pessoal | Roggia, S. |
| 245 ## - TÍTULO PRINCIPAL | |
| Título principal | Leaf consumption and preference to Conyza sp., conventional and bt soybean by Helicoverpa armigera |
| 500 ## - NOTA GERAL | |
| Nota geral | Publicação on-line; 34 ref.; 3 tables; 2 illus.; Summaries (En, Pt) |
| 942 ## - ADDED ENTRY ELEMENTS (KOHA) | |
| Koha item type | |
| 520 ## - NOTA DE RESUMO | |
| Nota de conteúdo | <br/><br/>ABSTRACT - Helicoverpa armigera caterpillars are polyphagous and exhibit high<br/>migratory potential. Given the traits of this pest, alternative hosts located in or<br/>near the crop stand may support the survival and permanence of H. armigera in<br/>the field. The aim of this study was to investigate Conyza sp. as a food source<br/>for H. armigera caterpillars in scenarios with conventional and Bt soybean.<br/>Two experiments were conducted in biochemical oxygen demand incubators.<br/>The first assessed consumption of conventional soybean, Bt soybean and<br/>Conyza sp. leaves by 3rd and 5th instar caterpillars, with no choice given<br/>(no-choice test). The second test evaluated the food preference of 3rd instar<br/>H. armigera larvae, with two choices given (dual-choice test). Fifth instar larvae<br/>favored Conyza sp. leaves to Bt soybean, but preferred conventional soybean<br/>to both of these options. The survival of 3rd instar caterpillars did not differ<br/>statistically regardless of the plant species used as a food source. Fifth instar<br/>larvae fed Bt soybean exhibited lower survival rates when compared to Conyza<br/>sp. and conventional soybean. In dual-choice test arenas, soybean leaf<br/>consumption was superior to Conyza sp. Conventional soybean consumption<br/>was also greater when offered in conjunction with Bt soybean. Caterpillars<br/>offered Conyza sp. and Bt soybean leaves only consumed the weed species.<br/>Conyza sp. plants can serve as a food source for H. armigera larvae, which<br/>showed a preference for Conyza sp. leaves to Bt soybean.<br/><br/>Keywords: weed, Glycine max, alternative host. |
| 520 ## - NOTA DE RESUMO | |
| Nota de conteúdo | <br/><br/>RESUMO - Lagartas de Helicoverpa armigera apresentam alta capacidade de<br/>migração e hábito alimentar polífago. Devido às características dessa praga,<br/>hospedeiros alternativos localizados nas proximidades ou interior da lavoura<br/>podem dar suporte para sua sobrevivência. O objetivo deste trabalho foi investigar<br/>a possibilidade de plantas de buva serem alimento para lagartas de H. armigera<br/>em cenários com soja convencional e Bt. Foram conduzidos dois experimentos em<br/>câmaras do tipo biochemical oxygen demand. O primeiro avaliou o consumo foliar<br/>de soja convencional, soja Bt e buva, sem chance de escolha, de lagartas de 3o<br/>e 5o ínstares. No segundo, avaliou-se a preferência de alimentação de lagartas<br/>H. armigera de 3o ínstar, com dupla chance de escolha. Quando avaliado o consumo<br/>foliar de lagartas de 5o ínstar, observou-se preferência por buva em relação à soja<br/>Bt, porém ambas inferiores à soja convencional. A sobrevivência de lagartas de<br/>3o ínstar não diferiu estatisticamente, independentemente da espécie fornecida<br/>como alimento. Lagartas de 5o ínstar alimentadas com soja Bt apresentaram menor<br/>sobrevivência em comparação com buva e soja convencional. Em arenas com<br/>dupla chance de escolha, o consumo foliar de soja foi superior ao da buva. O consumo de soja<br/>convencional foi superior também quando ofertada em conjunto com a soja Bt. A oferta de buva e soja<br/>Bt apresentou consumo foliar apenas na espécie daninha. Plantas de buva podem servir de alimento<br/>para lagartas de H. armigera. As lagartas têm preferência por consumir folhas de buva, em comparação<br/>à soja Bt.<br/><br/>Palavras-chave: planta daninha, Glycine max, hospedeiro alternativo. |
| 650 ## - ASSUNTO - THESAGRO | |
| Cabeçalho tópico ou nome geográfico | ERVA DANINHA |
| 650 ## - ASSUNTO - THESAGRO | |
| Cabeçalho tópico ou nome geográfico | GLYCINE MAX |
| 650 ## - ASSUNTO - THESAGRO | |
| Cabeçalho tópico ou nome geográfico | SOJA |
| 650 ## - ASSUNTO - THESAGRO | |
| Cabeçalho tópico ou nome geográfico | HOSPEDEIRO |
| 650 ## - ASSUNTO - THESAGRO | |
| Cabeçalho tópico ou nome geográfico | PRAGA DE PLANTA |
| 773 0# - ENTRADA ANALÍTICA | |
| Host Biblionumber | 886 |
| Registro do item | 1816 |
| Imprenta | Londrina-PR : Sociedade Brasileira da Ciência das Plantas Daninhas, 1978 |
| Outro identificador | 2023-031023 |
| Título | Planta Daninha (Brazil) |
| ISSN | 0100-8358; 1806-9681 (on-line) |
| Colação | v. 37 p. 1-8; (2019) |
| Número de controle de registro | BR2023000382 |
| 856 ## - ACESSO E ENDEREÇO ELETRÔNICO | |
| Identificador uniforme de recurso - URI | https://www.scielo.br/j/pd/a/cdTWZmnZ9F5FMB79fwv8Sns/?format=pdf&lang=en |
Nenhum exemplar disponível.

BINAGRI